| 000 | 00491nam a22001697a 4500 | ||
|---|---|---|---|
| 999 |
_c8727 _d8727 |
||
| 008 | 201211b ||||| |||| 00| 0 eng d | ||
| 040 | _aBMS College of Architecture | ||
| 100 | _aN V, Mona | ||
| 245 | _aFootball stadium | ||
| 300 | _a36p. | ||
| 500 | _a1BM11AT036 | ||
| 502 |
_8B,Arch _NBMS College of Architecture, Visvesvaraya Technological University (VTU) _aProject report _d2015 |
||
| 650 | _aNA | ||
| 700 |
_aNeetha S N _eGuide |
||
| 700 |
_aKiran Kumar R _eGuide |
||
| 942 |
_2ddc _cTHE |
||